Phương pháp dạy học hóa học Dùng cho sinh viên ban Hóa - Sinh CĐSP Tập 1

Phương pháp và nhiệm vụ dạy học hóa học ở trường THSC. Nội dung và cấu trúc chương trình Và SGK Hóa học ở trường THPT Việt Nam

Đã lưu trong:
Bibliografiske detaljer
Hovedforfatter: Nguyễn Cương
Andre forfattere: Nguyễn Mạnh Dung (B.s), Nguyễn Thị Sửu (B.s)
Format: Bog
Sprog:Vietnamese
Udgivet: H. Giáo dục 2000
Fag:
Tags: Tilføj Tag
Ingen Tags, Vær først til at tagge denne postø!
Thư viện lưu trữ: Mạng thư viện Đại học Đà Nẵng
LEADER 01465nam a2200385 4500
001 000008732
003 4924
005 20121015091042.0
008 111019s2000 viesd
020 |c 12800đ 
041 0 |a vie 
082 |a 540.071  |b NG-C 
100 0 |a Nguyễn Cương 
245 1 0 |a Phương pháp dạy học hóa học  |b Dùng cho sinh viên ban Hóa - Sinh CĐSP  |c Nguyễn Cương (ch.b), Nguyễn Mạnh Dung, Nguyễn Thị Sửu  |n Tập 1 
260 |a H.  |b Giáo dục  |c 2000 
300 |a 243tr  |c 20cm 
504 |a Mục lục tr240 
520 |a Phương pháp và nhiệm vụ dạy học hóa học ở trường THSC. Nội dung và cấu trúc chương trình Và SGK Hóa học ở trường THPT Việt Nam 
653 |a Phương pháp 
653 |a Dạy học 
653 |a Hóa học 
700 |a Nguyễn Mạnh Dung  |e B.s 
700 |a Nguyễn Thị Sửu  |e B.s 
773 |t Phương pháp dạy học hóa học  |w 4922 
910 |a Thương  |d 19/10/2011 
OWN |a LSP 
AVA |a UDN50  |b LSP  |d 540.071 NG-C  |e check_holdings  |t Error 5003 Not defined in file expand_doc_bib_avail.  |h N  |k 1 
999 |a From the UDN01 
AVA |a UDN50  |b LSP  |d 540.071 NG-C  |e available  |t Error 5001 Not defined in file expand_doc_bib_avail.  |f 43  |g 1  |h N  |i 0  |k 1 
TYP |a Monograph 
TYP |a Printed language 
980 |a Mạng thư viện Đại học Đà Nẵng